Hydraulic power and hydraulic machinery /

Saved in:
Bibliographic Details
Main Author: Robinson, Henry
Format: Book
Language:English
Published: London : C. Griffin, 1887.
Subjects:
LEADER 00851cam a2200229 a 4500
001 c000216711
003 CARM
005 19930402000000.0
008 870316s1887 enk 000 0 eng d
019 1 |a 3699767  |5 LACONCORD2021 
035 |a (OCoLC)8902326  |5 LACONCORD2021 
040 |a NUN  |b eng  |c NUN  |d XNTU 
082 0 4 |a 621.2 
100 1 |a Robinson, Henry. 
245 1 0 |a Hydraulic power and hydraulic machinery /  |c by Henry Robinson. 
260 |a London :  |b C. Griffin,  |c 1887. 
300 |a xiv, 190 p., [42] leaves of plates (some folded) :  |b ill., plans. 
650 0 |a Hydraulic machinery. 
650 0 |a Water-power. 
852 8 |b CARM  |h A2:AK03A0  |i B06026  |p 0270528  |f BK 
999 f f |i bcd06ff4-92f4-5b12-8728-34afd6f8375c  |s de3a0e46-2b5a-508e-9cdc-4fce48e299a4 
952 f f |p Can circulate  |a CAVAL  |b CAVAL  |c CAVAL  |d CARM 1 Store  |e B06026  |f A2:AK03A0  |h Other scheme  |i book  |m 0270528